| 000 | 00802nam a2200313Ia 4500 | ||
|---|---|---|---|
| 003 | EC-GqESP | ||
| 005 | 20251114093718.0 | ||
| 008 | 250425s9999 xx 000 0 und d | ||
| 010 | _a100682 | ||
| 020 | _a9781577667391 | ||
| 041 | _aeng | ||
| 082 |
_a658.5 _pHOP |
||
| 100 | _aHOPP, WALLACE J | ||
| 245 | 0 | _aFACTORY PHYSICS | |
| 250 | _a3RD ED. | ||
| 260 |
_aEstados Unidos _bWAVELAND _c2008 |
||
| 260 | _aLONG GROVE | ||
| 300 | _a719 | ||
| 650 | _aGESTION DE FABRICAS | ||
| 650 | _aGESTION DE FABRICAS | ||
| 650 | _aGESTION DE FABRICAS | ||
| 650 | _aGESTION DE FABRICAS | ||
| 650 | _aGESTION DE LA PRODUCCION | ||
| 650 | _aGESTION DE LA PRODUCCION | ||
| 650 | _aGESTION DE LA PRODUCCION | ||
| 650 | _aGESTION DE LA PRODUCCION | ||
| 700 | _aSPEARMAN, MARK L | ||
| 942 | _c01 | ||
| 999 |
_c234823 _d234823 |
||